[Event "Moscow Botvinnik Memorial Cup"]
[Site "Moscow"]
[Date "2022.08.20"]
[Round "4.1"]
[White "Nikitenko, Mihail"]
[Black "Petukhov, Alan"]
[Result "1/2-1/2"]
[WhiteElo "2450"]
[BlackElo "1886"]
[PlyCount "82"]
[EventDate "2022.08.18"]
[EventType "team-tourn"]
[EventRounds "9"]
[EventCountry "RUS"]
[SourceTitle "CBM 209 Extra"]
[Source "ChessBase"]
[SourceDate "2022.09.30"]
[SourceVersion "1"]
[SourceVersionDate "2022.09.30"]
[SourceQuality "1"]
[WhiteTeam "Belarus"]
[BlackTeam "Kazakhstan"]
[WhiteTeamCountry "BLR"]
[BlackTeamCountry "KAZ"]

1. d4 Nf6 2. Nf3 b6 3. Nbd2 d5 4. e3 e6 5. Bd3 Bb7 6. b3 Nbd7 7. Bb2 Bd6 8. Ne5 Ne4 9. Bxe4 dxe4 10. Qg4 0-0 11. 0-0-0 a5 12. a3 b5 13. f3 Nf6 14. Qg5 Qe7 15. Nb1 Rac8 16. Rhf1 c5 17. Nc3 h6 18. Qg3 cxd4 19. Nxb5 Nh5 20. Ng6 Nxg3 21. Nxe7+ Bxe7 22. hxg3 exf3 23. gxf3 dxe3 24. Rd3 Bc5 25. Kd1 Rfd8 26. Ke2 a4 27. Rfd1 Rxd3 28. Rxd3 axb3 29. cxb3 Ba6 30. a4 Bxb5 31. axb5 Rb8 32. Bd4 Rxb5 33. Bxc5 Rxc5 34. Kxe3 Rg5 35. b4 Kf8 36. Rb3 Rb5 37. Kd4 Ke7 38. Kc4 Rg5 39. f4 Rd5 40. b5 Kd7 41. Ra3 Kc8 1/2-1/2

[Event "Aktobe U14 op"]
[Site "Aqtobe"]
[Date "2022.06.16"]
[Round "4"]
[White "Kaliakhmet, Elsultan"]
[Black "Petukhov, Alan"]
[Result "0-1"]
[WhiteElo "1446"]
[BlackElo "1967"]
[PlyCount "61"]
[EventDate "2022.06.14"]
[EventType "swiss"]
[EventRounds "9"]
[EventCountry "KAZ"]
[SourceTitle "EXT 2023"]
[Source "ChessBase"]
[SourceDate "2022.10.05"]
[SourceVersion "1"]
[SourceVersionDate "2022.10.05"]
[SourceQuality "1"]

1. e4 c5 2. Nf3 Nc6 3. d4 cxd4 4. Nxd4 Nf6 5. Nc3 e5 6. Ndb5 d6 7. Bg5 a6 8. Na3 b5 9. Nd5 Be7 10. Bxf6 Bxf6 11. c4 Bg5 12. Nc2 bxc4 13. Bxc4 Be6 14. 0-0 0-0 15. Qd3 a5 16. Rad1 Qb8 17. b3 Rd8 18. Qg3 Bh6 19. Nf6+ Kh8 20. Qh4 Bxc4 21. bxc4 Ne7 22. Nd5 Nxd5 23. cxd5 Qb2 24. Ne3 Bxe3 25. fxe3 Qxa2 26. Rxf7 Rf8 27. Rdf1 Rxf7 28. Rxf7 Qd2 29. Qg5 Rg8 30. h3 h6 31. Qg3 0-1

[Event "Aktobe U14 op"]
[Site "Aqtobe"]
[Date "2022.06.15"]
[Round "2"]
[White "Sagynbayev, Nurislam"]
[Black "Petukhov, Alan"]
[Result "0-1"]
[WhiteElo "1245"]
[BlackElo "1967"]
[PlyCount "54"]
[EventDate "2022.06.14"]
[EventType "swiss"]
[EventRounds "9"]
[EventCountry "KAZ"]
[SourceTitle "EXT 2023"]
[Source "ChessBase"]
[SourceDate "2022.10.05"]
[SourceVersion "1"]
[SourceVersionDate "2022.10.05"]
[SourceQuality "1"]

1. e4 c5 2. Nf3 Nc6 3. d4 cxd4 4. Nxd4 Nf6 5. Nc3 e5 6. Nf3 Bb4 7. Bg5 h6 8. Bxf6 Qxf6 9. a3 Bxc3+ 10. bxc3 0-0 11. Bc4 Qg6 12. Qd3 d6 13. 0-0-0 Be6 14. Bxe6 Qxe6 15. Qd5 Qg6 16. g3 Rfd8 17. Nh4 Qf6 18. Qd2 Ne7 19. Ng2 d5 20. f4 Qa6 21. Kb2 Rd6 22. Qd3 Rb6+ 23. Ka2 Qa4 24. exd5 Nxd5 25. Rb1 e4 26. Qd1 Nxc3+ 27. Ka1 Qxa3# 0-1

[Event "KAZ-ch U14"]
[Site "Ak Bulak"]
[Date "2022.03.23"]
[Round "5"]
[White "Akhilbay, Imangali"]
[Black "Petukhov, Alan"]
[Result "1-0"]
[WhiteElo "1955"]
[BlackElo "1873"]
[PlyCount "55"]
[EventDate "2022.03.20"]
[EventType "swiss"]
[EventRounds "9"]
[EventCountry "KAZ"]
[SourceTitle "EXT 2023"]
[Source "ChessBase"]
[SourceDate "2022.10.05"]
[SourceVersion "1"]
[SourceVersionDate "2022.10.05"]
[SourceQuality "1"]

1. e4 e6 2. d4 d5 3. Nc3 Nf6 4. Bg5 Be7 5. e5 Nfd7 6. h4 h6 7. Bxe7 Qxe7 8. f4 a6 9. Nf3 c5 10. Qd2 Nc6 11. g4 b5 12. Ne2 cxd4 13. Nexd4 Bb7 14. 0-0-0 0-0-0 15. Nxc6 Bxc6 16. a4 bxa4 17. Bxa6+ Bb7 18. Bb5 Qc5 19. Nd4 Nb6 20. Rh3 Nc4 21. Qc3 Kb8 22. b3 axb3 23. cxb3 Qa3+ 24. Kb1 Na5 25. Nc2 d4 26. Rxd4 Be4 27. Bd3 Rc8 28. Qxc8+ 1-0

[Event "Moscow Botvinnik Memorial"]
[Site "Moscow"]
[Date "2019.10.16"]
[Round "1"]
[White "Petukhov, Alan"]
[Black "Kuliyev, Emin"]
[Result "0-1"]
[WhiteElo "1583"]
[BlackElo "1681"]
[PlyCount "110"]
[EventDate "2019.10.16"]
[EventType "tourn"]
[EventRounds "9"]
[EventCountry "RUS"]
[SourceTitle "CBM 192 Extra"]
[Source "Chessbase"]
[SourceDate "2019.11.06"]
[SourceVersion "1"]
[SourceVersionDate "2019.11.06"]
[SourceQuality "1"]

1. c4 e5 2. g3 Nf6 3. Bg2 Nc6 4. Nc3 Bb4 5. a3 Bxc3 6. dxc3 h6 7. Nf3 0-0 8. c5 a5 9. 0-0 Qe7 10. Be3 a4 11. h3 d5 12. cxd6 cxd6 13. c4 Be6 14. Rc1 Nd7 15. Qd2 Na5 16. Qb4 Nb3 17. Rcd1 Ndc5 18. Nd2 Rab8 19. Nxb3 axb3 20. Bxc5 dxc5 21. Qc3 e4 22. Qe5 f5 23. f3 exf3 24. Rxf3 Qf7 25. Rc3 b6 26. Qxe6 Qxe6 27. Bd5 Rfe8 28. Re3 Qxd5 29. Rxe8+ Rxe8 30. cxd5 Rxe2 31. d6 Re8 32. Rd3 Rd8 33. Rxb3 Rxd6 34. Kf2 Kf7 35. Ke3 Kf6 36. Rc3 Ke5 37. a4 Rg6 38. Kf3 Kd4 39. Kf4 Rf6 40. h4 g6 41. Re3 Kc4 42. Ke5 Rc6 43. b3+ Kb4 44. Kd5 Rf6 45. Ke5 Rf8 46. Kd5 f4 47. Rf3 g5 48. hxg5 hxg5 49. Kc6 g4 50. Rf2 Rf6+ 51. Kd5 f3 52. Ke5 Rf8 53. Kd5 Kxb3 54. a5 bxa5 55. Kxc5 a4 0-1